[Event "Liberec Desko op"]
[Site "Liberec"]
[Date "2021.07.17"]
[Round "1"]
[White "Fridland, Manfred"]
[Black "Belaska, Premysl"]
[Result "1/2-1/2"]
[WhiteElo "1623"]
[BlackElo "2205"]
[PlyCount "51"]
[EventDate "2021.07.17"]
[EventType "swiss"]
[EventRounds "9"]
[EventCountry "CZE"]
[SourceTitle "CBM 203 Extra"]
[Source "ChessBase"]
[SourceDate "2021.09.30"]
[SourceVersion "1"]
[SourceVersionDate "2021.09.30"]
[SourceQuality "1"]

1. e4 d6 2. d4 Nf6 3. Nc3 g6 4. Be3 Bg7 5. f3 h5 6. Qd2 c6 7. 0-0-0 b5 8. e5 dxe5 9. dxe5 Qxd2+ 10. Rxd2 Ng8 11. f4 Nh6 12. Nf3 Nf5 13. Bf2 0-0 14. Ne4 Na6 15. a3 Be6 16. Be2 f6 17. Nc5 Nxc5 18. Bxc5 Bd5 19. exf6 Bxf6 20. Rg1 Nd6 21. Bd3 Nc4 22. Bxc4 bxc4 23. c3 Bg7 24. Ne5 Bxe5 25. fxe5 Rf5 26. Re1 1/2-1/2